000
00242nam a2200097Ia 4500
001
1157668
005
20250827011246.0
008
250824s9999 xx 000 0 und d
245
0
_a
AYI VE KURT
_c
DANİEL SALMİERİ
260
_b
KETEBE YAYINLARI
999
_c
1157668
_d
1157668